[Event "36th Olympiad w"]
[Site "Calvia ESP"]
[Date "2004.10.25"]
[Round "10"]
[White "Vega Gutierrez,S"]
[Black "Mamedjarova,Z"]
[Result "0-1"]
[WhiteElo "2225"]
[BlackElo "2349"]
[EventDate "2004.10.15"]

1. e4 e5 2. Nf3 Nf6 3. Nc3 Nc6 4. g3 g6 5. Bg2 Bg7 6. O-O O-O 7. d3 d6 8.
h3 Re8 9. Be3 Ne7 10. d4 exd4 11. Nxd4 d5 12. e5 Ne4 13. Nxe4 dxe4 14. Qe2
Qd5 15. Rfd1 Bxe5 16. c4 Qa5 17. Bxe4 c6 18. g4 Qc7 19. Qf3 Bd7 20. Rd2
Rad8 21. Rad1 Bc8 22. Bg5 Bg7 23. Kg2 a6 24. Bxe7 Qxe7 25. Bxc6 Rxd4 26.
Bxe8 Rxd2 27. Bxf7+ Qxf7 28. Rxd2 Bf6 29. b3 Kg7 30. Qe4 b6 31. f3 Bb7 32.
Qf4 Qe7 33. Kf2 Bh4+ 34. Kg2 Bg5 35. Qd4+ Kh6 36. Rc2 Qe1 37. Qf2 Qd1 38.
Re2 Qd6 39. Qg3 Qd3 40. Qf2 a5 41. Re1 Kg7 42. Qe2 Qd8 43. Qe8 Qd2+ 44. Qe2
Qd7 45. Rd1 Qf7 46. Rd6 Kh6 47. Rxb6 Qc7 48. Rb5 Bc6 49. Qe5 Qd8 50. Rb8
Qd2+ 51. Kg1 Be3+ 0-1

[Event "36th Olympiad w"]
[Site "Calvia ESP"]
[Date "2004.10.25"]
[Round "10"]
[White "Velikhanli,F"]
[Black "Llaneza Vega,P"]
[Result "1-0"]
[WhiteElo "2322"]
[BlackElo "2181"]
[EventDate "2004.10.15"]

1. e4 c5 2. Nf3 Nc6 3. Bb5 g6 4. Bxc6 dxc6 5. d3 Bg7 6. O-O e5 7. Be3 Qe7
8. h3 Nf6 9. Nc3 O-O 10. a4 a5 11. Qd2 Re8 12. Rae1 b6 13. b3 Nh5 14. Ne2
Bh8 15. Nh2 Ra7 16. f4 exf4 17. Nxf4 Nxf4 18. Bxf4 Be6 19. Nf3 Bg7 20. Ne5
Bd7 21. Nc4 Qd8 22. Nd6 Rf8 23. e5 Be6 24. Ne4 Bf5 25. Nd6 Be6 26. Bg5 Qd7
27. Bf6 Bd5 28. Qf4 h6 29. Qh4 Kh7 30. Re3 Bxf6 31. Rxf6 Be6 32. Ref3 Kg7
33. Rg3 Rg8 34. Qf4 Qd8 35. h4 Rd7 36. Rf3 Bd5 37. Nxf7 Rxf7 38. Rxf7+ Bxf7
39. Qxf7+ Kh8 40. Qf4 Kh7 41. Qe4 h5 42. e6 Rg7 43. c3 Qe8 44. Rf6 Qe7 45.
Qf4 b5 46. Qg5 Qd6 47. Qe3 Qe7 48. Rf4 Qd6 49. Re4 Qe7 50. Re5 b4 51. c4
Rg8 52. Qe4 Kh6 53. Qe3+ Kh7 54. Rxc5 Qxh4 55. Rxc6 Rg7 56. d4 1-0

[Event "36th Olympiad w"]
[Site "Calvia ESP"]
[Date "2004.10.25"]
[Round "10"]
[White "Trujillo Delgado,D"]
[Black "Shukurova,M"]
[Result "0-1"]
[WhiteElo "2155"]
[BlackElo "2281"]
[EventDate "2004.10.15"]

1. e4 c5 2. Nf3 e6 3. d4 cxd4 4. Nxd4 a6 5. Bd3 Bc5 6. Nb3 Ba7 7. Nc3 Nc6
8. Qe2 d6 9. Be3 Nge7 10. a4 O-O 11. O-O e5 12. Rad1 Be6 13. Kh1 Ng6 14.
Bc1 Bxb3 15. cxb3 Nd4 16. Qh5 Nxb3 17. Bg5 Qd7 18. f4 exf4 19. Bxf4 Nd4 20.
Bb1 Rae8 21. Be3 Nc6 22. Bxa7 Nxa7 23. Rf5 Nc6 24. Rdf1 Re5 25. Ba2 Nd8 26.
R1f3 Ne6 27. Qh3 b5 28. axb5 axb5 29. Rf1 b4 30. Rxe5 dxe5 31. Nd5 Qb5 32.
Rc1 Qe2 33. Nxb4 Ngf4 34. Qf3 Qd2 0-1

[Event "36th Olympiad w"]
[Site "Calvia ESP"]
[Date "2004.10.25"]
[Round "10"]
[White "Mkrtchian,L"]
[Black "Socko,M"]
[Result "1/2-1/2"]
[WhiteElo "2374"]
[BlackElo "2439"]
[EventDate "2004.10.15"]

1. e4 d6 2. d4 g6 3. Nc3 Bg7 4. f4 Nf6 5. Nf3 O-O 6. Bd3 Na6 7. O-O c5 8.
d5 Rb8 9. Kh1 Bg4 10. h3 Bxf3 11. Rxf3 Nc7 12. a4 a6 13. a5 Nb5 14. Nxb5
axb5 15. Bxb5 Nxe4 16. Qe2 Nf6 17. c4 Kh8 18. Bd2 Ng8 19. Bc3 Bxc3 20. Rxc3
f5 21. Re3 Ra8 22. Qe1 Rf7 23. Rea3 Nf6 24. a6 bxa6 25. Rxa6 Rxa6 26. Rxa6
Kg7 27. Qc3 Rf8 28. Ra7 Kg8 29. b3 Rf7 30. Qa1 Rf8 31. Rb7 Qa8 32. Ra7 Qd8
33. Bc6 Kf7 34. Rb7 Rg8 35. Qe1 Ne4 36. Bd7 Kg7 37. Be6 Rf8 38. Qa1+ Kh6
39. Rd7 Qe8 40. Qa7 Qa8 41. Rxe7 Qxa7 42. Rxa7 g5 43. fxg5+ Kxg5 44. Rxh7
Ra8 45. Kh2 Nf6 46. Rg7+ Kf4 47. Rf7 Ke5 48. Kg3 f4+ 49. Kf3 Ra3 50. Rb7
Ne4 51. Bc8 Nd2+ 52. Kg4 Nxb3 53. Rf7 Nd4 54. Rxf4 Ra7 55. g3 Rg7+ 56. Kh4
Rh7+ 57. Kg4 Rg7+ 58. Kh4 Rh7+ 59. Kg5 Rg7+ 60. Kh4 Rh7+ 1/2-1/2

[Event "36th Olympiad w"]
[Site "Calvia ESP"]
[Date "2004.10.25"]
[Round "10"]
[White "Dworakowska,J"]
[Black "Andriasian,S"]
[Result "0-1"]
[WhiteElo "2393"]
[BlackElo "2206"]
[EventDate "2004.10.15"]

1. e4 e5 2. Nf3 Nc6 3. d4 exd4 4. Nxd4 Nf6 5. Nxc6 bxc6 6. e5 Qe7 7. Qe2
Nd5 8. c4 Nb6 9. Nc3 Qe6 10. Qe4 Be7 11. Bd3 g6 12. O-O O-O 13. Bh6 Re8 14.
f4 d5 15. cxd5 Nxd5 16. Bc4 Bb7 17. Qf3 Bc5+ 18. Kh1 Bf8 19. Bxf8 Kxf8 20.
Ne4 Qe7 21. Rac1 Kg7 22. Bxd5 cxd5 23. Nf6 Red8 24. Qh3 Rh8 25. Qc3 Rac8
26. Rfd1 Rhd8 27. b4 d4 28. Rxd4 Rxd4 29. Qxd4 Rd8 30. Qc3 Qe6 31. Qc2 Qb6
32. Qb2 Qe3 33. e6 Bxg2+ 34. Kxg2 Rd2+ 35. Qxd2 Qxd2+ 36. Kf3 Kxf6 37. exf7
Kxf7 38. Rxc7+ Ke6 39. Rxa7 Qd3+ 40. Kg4 Qd1+ 41. Kh4 Qe1+ 42. Kg5 Qg1+ 0-1

[Event "36th Olympiad w"]
[Site "Calvia ESP"]
[Date "2004.10.25"]
[Round "10"]
[White "Batyte,D"]
[Black "Lahno,Kateri"]
[Result "0-1"]
[WhiteElo "2130"]
[BlackElo "2435"]
[EventDate "2004.10.15"]

1. e4 e5 2. Nf3 d6 3. d4 exd4 4. Nxd4 Nf6 5. Nc3 Be7 6. Be2 O-O 7. O-O a6
8. Be3 Re8 9. f4 Bf8 10. Bf3 c5 11. Nb3 Nc6 12. Re1 Bd7 13. Bf2 Rc8 14. h3
b5 15. a3 Qc7 16. Nd5 Nxd5 17. Qxd5 a5 18. Rad1 Be6 19. Qd2 a4 20. Nc1 Na5
21. Nd3 Be7 22. f5 Bd7 23. Qf4 Bc6 24. Bg3 Nc4 25. Qc1 Qa5 26. c3 Bf6 27.
Re2 Bb7 28. Bf4 Qa8 29. Nf2 d5 30. exd5 Rxe2 31. Bxe2 Bxd5 32. Bf1 h5 33.
Re1 Qc6 34. Re2 Qd7 35. Qc2 b4 36. Bc1 bxa3 37. bxa3 Ne5 38. Ne4 Qxf5 39.
Nxf6+ Qxf6 40. Rf2 Qg6 41. Qe2 Re8 42. Qb5 Bc6 43. Qb6 c4 44. Kh2 Nd3 45.
Bxd3 cxd3 46. Bf4 Re2 47. Bg3 Qe4 48. Qd8+ Kh7 49. Qh4 Rxf2 0-1

[Event "36th Olympiad w"]
[Site "Calvia ESP"]
[Date "2004.10.25"]
[Round "10"]
[White "Hunt,H"]
[Black "Bojkovic,N"]
[Result "1-0"]
[WhiteElo "2385"]
[BlackElo "2398"]
[EventDate "2004.10.15"]

1. e4 c5 2. Nf3 d6 3. d4 cxd4 4. Nxd4 Nf6 5. Nc3 Nc6 6. Bg5 e6 7. Qd2 a6 8.
O-O-O Bd7 9. f4 h6 10. Bh4 g5 11. fxg5 Ng4 12. Be2 Nge5 13. Nf3 Be7 14.
Rhg1 b5 15. Rdf1 b4 16. Nd1 a5 17. Kb1 Rb8 18. Nf2 a4 19. Nxe5 Nxe5 20. Ng4
hxg5 21. Bg3 Nxg4 22. Bxg4 Qc7 23. Rf3 Bc6 24. Qd4 Rh7 25. Rgf1 Qb6 26.
Qxb6 Rxb6 27. Re3 Rh8 28. h3 Bb7 29. Rd1 Kd7 30. Bf3 f6 31. Red3 Rc8 32.
Rd4 Ba8 33. R1d2 Rd8 34. Bf2 Rb5 35. Be2 Rbb8 36. g3 Ke8 37. h4 gxh4 38.
gxh4 e5 39. Rd5 Bxd5 40. Rxd5 Kf7 41. Rd1 Kg7 42. h5 Kh7 43. Bc4 Rbc8 44.
Be6 Rb8 45. Rg1 Rf8 46. Be3 Rbe8 47. b3 axb3 48. cxb3 Bd8 49. Bf5+ Kh8 50.
Bd2 Rg8 51. Bg6 Bb6 52. Rf1 Rxg6 53. hxg6 Bc5 54. Bh6 Re6 55. Kc2 Kg8 56.
Kd3 d5 57. exd5 Ra6 58. Rc1 Ra5 59. d6 e4+ 60. Kxe4 f5+ 61. Kf3 1-0

[Event "36th Olympiad w"]
[Site "Calvia ESP"]
[Date "2004.10.25"]
[Round "10"]
[White "Richards,H"]
[Black "Benderac,A"]
[Result "1/2-1/2"]
[WhiteElo "2197"]
[BlackElo "2299"]
[EventDate "2004.10.15"]

1. e4 c5 2. c3 d6 3. d4 Nf6 4. Bd3 g6 5. h3 Bg7 6. Nf3 O-O 7. O-O Nc6 8. d5
Ne5 9. Nxe5 dxe5 10. Be3 b6 11. Qd2 c4 12. Bc2 e6 13. d6 Bb7 14. f3 Qd7 15.
a4 Rfd8 16. Rd1 Ne8 17. Qf2 Ba6 18. a5 b5 19. Bc5 f6 20. b4 Bf8 21. f4 exf4
22. Qxf4 e5 23. Qf2 Kg7 24. Nd2 Bxd6 25. Nf1 Qe7 26. Be3 Rd7 27. Rd2 Rad8
28. Rad1 Bb8 29. Bc5 Qf7 30. Ne3 Rxd2 31. Rxd2 Rxd2 32. Qxd2 Bb7 33. h4 a6
34. Ng4 Bc8 35. Qh6+ Kg8 36. Ne3 Qg7 37. Qxg7+ Kxg7 38. Nd5 Kf7 39. Kf2 Be6
40. Nb6 Bd6 41. Be3 Bb8 42. Bd1 Nd6 43. Bf3 Nc8 44. h5 Nxb6 45. hxg6+ hxg6
46. Bxb6 Bd6 47. g4 Bc8 48. Be3 Bf8 49. Kg3 Kg7 50. Bb6 Kg8 51. Be3 Kh7 52.
Kh4 Bb7 53. Kg3 Kg7 54. g5 Kf7 55. gxf6 Kxf6 56. Bg4 Kg7 57. Bf3 Bc8 58.
Bg5 Kh7 59. Kh4 Bh6 60. Bg2 1/2-1/2

[Event "36th Olympiad w"]
[Site "Calvia ESP"]
[Date "2004.10.25"]
[Round "10"]
[White "Partac,E"]
[Black "Collas,S"]
[Result "0-1"]
[WhiteElo "2259"]
[BlackElo "2349"]
[EventDate "2004.10.15"]

1. e4 c5 2. Nf3 e6 3. b3 b6 4. d4 cxd4 5. Nxd4 Bb7 6. Bd3 a6 7. O-O d6 8.
c4 Nf6 9. Qe2 Nbd7 10. Nc3 Be7 11. Bb2 O-O 12. Rac1 Rc8 13. Bb1 Re8 14. Kh1
Bf8 15. Rfd1 Qc7 16. Rd3 Qb8 17. Rh3 g6 18. Qd2 Bg7 19. Nde2 Rcd8 20. Rd1
Ne5 21. Nf4 b5 22. cxb5 axb5 23. Nxb5 d5 24. exd5 Nxd5 25. Nd4 Nxf4 26.
Qxf4 Nd3 27. Qh4 Nxb2 28. Qxh7+ Kf8 29. Rd2 Qc7 30. Rc2 Rxd4 0-1

[Event "36th Olympiad w"]
[Site "Calvia ESP"]
[Date "2004.10.25"]
[Round "10"]
[White "Milliet,S"]
[Black "Smokina,K"]
[Result "1-0"]
[WhiteElo "2299"]
[BlackElo "2267"]
[EventDate "2004.10.15"]

1. e4 c5 2. c3 d5 3. exd5 Qxd5 4. d4 Nc6 5. Nf3 Bg4 6. Be2 cxd4 7. cxd4 e6
8. h3 Bh5 9. Nc3 Bb4 10. O-O Bxc3 11. bxc3 Nge7 12. Qb3 O-O 13. c4 Qd8 14.
Bb2 Bxf3 15. Bxf3 Nxd4 16. Bxd4 Qxd4 17. Qxb7 Rae8 18. Rfc1 Qc5 19. Rab1
Rc8 20. Qa6 Rb8 21. Bb7 Rfd8 22. Rb5 Qd4 23. c5 Qf4 24. Rcb1 Rd2 25. Bf3
Rbd8 26. R5b4 Qe5 27. c6 Qc5 28. Qf1 Qd6 29. Rc4 Nd5 30. Bxd5 exd5 31. Rcc1
Rxa2 32. c7 Rc8 33. Rb8 Qe6 34. Re1 Qd7 35. Qb5 1-0

[Event "36th Olympiad w"]
[Site "Calvia ESP"]
[Date "2004.10.25"]
[Round "10"]
[White "Arribas,M"]
[Black "Repkova,E"]
[Result "0-1"]
[WhiteElo "2325"]
[BlackElo "2410"]
[EventDate "2004.10.15"]

1. e4 d5 2. exd5 Qxd5 3. Nc3 Qa5 4. Bc4 c6 5. d4 Bf5 6. Qe2 Nf6 7. Bd2 e6
8. Nd5 Qd8 9. Nxf6+ gxf6 10. O-O-O Nd7 11. g4 Bg6 12. f4 f5 13. d5 cxd5 14.
Bxd5 Bg7 15. Bb4 Qb6 16. c3 fxg4 17. Be4 Bxe4 18. Qxe4 Qc6 19. Qd3 O-O-O
20. Ne2 Nc5 21. Qe3 Nd3+ 22. Kb1 Nxb4 23. cxb4 Kb8 24. Nc3 Bd4 25. Qg3 Bxc3
26. bxc3 Qe4+ 27. Ka1 f5 28. Rhe1 Rxd1+ 29. Rxd1 Rc8 30. Rd2 h5 31. Kb2 h4
32. Qg2 e5 33. fxe5 Qxe5 34. Rd4 g3 35. hxg3 hxg3 36. Qf3 Re8 37. Kb3 Qe6+
38. Rd5 Rg8 39. c4 g2 40. Qf4+ Ka8 41. Rxf5 Qxf5 42. Qxf5 g1=Q 43. b5 Qd1+
44. Kb4 Qd2+ 45. Ka4 Qxa2+ 46. Kb4 Qd2+ 47. Ka4 Rd8 0-1

[Event "36th Olympiad w"]
[Site "Calvia ESP"]
[Date "2004.10.25"]
[Round "10"]
[White "Pokorna,Reg"]
[Black "Pina,S"]
[Result "1/2-1/2"]
[WhiteElo "2370"]
[BlackElo "2313"]
[EventDate "2004.10.15"]

1. e4 c5 2. Nf3 d6 3. d4 cxd4 4. Nxd4 Nf6 5. Nc3 Nc6 6. Bc4 Qb6 7. Nde2 e6
8. O-O a6 9. Bb3 Be7 10. Bg5 Qc7 11. Kh1 b5 12. Ng3 Na5 13. f4 O-O 14. Bxf6
Bxf6 15. Nh5 Bxc3 16. bxc3 Nxb3 17. cxb3 f5 18. Rf3 fxe4 19. Rg3 g6 20. Qd4
Qe7 21. Rg5 Bb7 22. Qe3 Rac8 23. h3 e5 24. fxe5 dxe5 25. Qg3 Kh8 26. Rxe5
Qf7 27. Qg5 Rce8 28. Ng3 Qg7 29. Rxe8 Rxe8 30. Qe3 Qe5 31. Rd1 Kg7 32. Kg1
Re7 33. Rd4 h5 34. a4 bxa4 35. bxa4 Bc6 36. Rc4 Re6 37. Ne2 Rf6 38. Qd4
Qxd4+ 39. Nxd4 Bd5 40. Rc8 Rd6 41. Kf2 e3+ 42. Kxe3 Bxg2 43. h4 Kf6 44. Kf4
Bh3 45. Rc6 Rxc6 46. Nxc6 Bd7 47. Nb8 Bxa4 48. Nxa6 Bb5 49. Nc5 Bc6 50. c4
Bg2 51. Nd7+ Ke7 52. Ne5 Kd6 53. Nxg6 Bf1 54. Ne5 Be2 55. Kf5 Kc5 56. Kg5
Kd4 57. Ng6 Kxc4 58. Nf4 Bd1 59. Nxh5 Kd5 60. Nf4+ Ke5 1/2-1/2

[Event "36th Olympiad w"]
[Site "Calvia ESP"]
[Date "2004.10.25"]
[Round "10"]
[White "Marrero,Y"]
[Black "Borosova,Z"]
[Result "0-1"]
[WhiteElo "2272"]
[BlackElo "2249"]
[EventDate "2004.10.15"]

1. e4 e5 2. Nf3 Nc6 3. Bb5 a6 4. Ba4 Nf6 5. O-O Be7 6. Re1 b5 7. Bb3 O-O 8.
a4 Bb7 9. c3 d5 10. axb5 axb5 11. Rxa8 Bxa8 12. exd5 Nxd5 13. d4 exd4 14.
Nxd4 Nxd4 15. Qxd4 Bd6 16. Na3 c5 17. Qg4 Nf6 18. Qh4 Re8 19. Rxe8+ Qxe8
20. Be3 Be4 21. Bc2 b4 22. Nc4 Bxc2 23. Nxd6 Qd7 24. Bf4 Ne4 25. Qh3 Qxh3
26. gxh3 bxc3 27. Nxe4 cxb2 28. Nd2 f6 29. Be3 c4 30. Bd4 b1=Q+ 31. Nxb1
Bxb1 32. Kg2 Kf7 33. Kg3 Ke6 34. f3 Kf5 35. h4 Bc2 36. Bc3 Bd1 37. Bd2 g5
38. hxg5 fxg5 39. Bc3 g4 40. fxg4+ Bxg4 41. Bb2 Bh5 42. Kf2 Ke4 43. Ke1 Kd3
44. h3 Kc2 45. Ba3 Bg6 46. Ke2 c3 47. Be7 Bf5 48. h4 Bg4+ 49. Ke1 Kb1 50.
Ba3 h5 0-1

[Event "36th Olympiad w"]
[Site "Calvia ESP"]
[Date "2004.10.25"]
[Round "10"]
[White "Velcheva,M"]
[Black "Motoc,A"]
[Result "1-0"]
[WhiteElo "2299"]
[BlackElo "2359"]
[EventDate "2004.10.15"]

1. e4 c5 2. Nf3 d6 3. d4 cxd4 4. Nxd4 Nf6 5. Nc3 a6 6. Be3 e5 7. Nf3 Qc7 8.
a4 Be6 9. a5 Nbd7 10. Ng5 Bc4 11. Bxc4 Qxc4 12. Ra4 Qc6 13. O-O Be7 14. Qe2
Rc8 15. Rd1 O-O 16. h3 Rfd8 17. Nf3 Bf8 18. Nh2 Kh8 19. Ng4 Nxe4 20. Rxe4
f5 21. Ra4 fxg4 22. hxg4 Nc5 23. Bxc5 dxc5 24. Re4 Bd6 25. Qc4 Bc7 26. Rd5
Rxd5 27. Qxd5 Bxa5 28. Qxc6 Rxc6 29. Rxe5 h6 30. Ne4 b6 31. Kf1 c4 32. Ke2
b5 33. g5 Kh7 34. gxh6 Kxh6 35. g4 Bc7 36. Rd5 Bf4 37. Kd1 Kg6 38. Rf5 Bc7
39. Kd2 b4 40. b3 a5 41. f3 Bb6 42. Rd5 a4 43. bxa4 c3+ 44. Kd3 b3 45. Rb5
bxc2 46. Kxc2 Bd4 47. Rd5 Rc4 48. a5 Bf6 49. Rc5 Ra4 50. Nxf6 gxf6 51. Kxc3
Ra3+ 52. Kb4 Rxf3 53. a6 Re3 54. a7 Re8 55. Ra5 Ra8 56. Kc4 Rc8+ 57. Kb5
Kg5 58. a8=Q Rxa8 59. Rxa8 Kxg4 60. Kc4 1-0

[Event "36th Olympiad w"]
[Site "Calvia ESP"]
[Date "2004.10.25"]
[Round "10"]
[White "Paridar,S"]
[Black "Peng Zhaoqin"]
[Result "1-0"]
[WhiteElo "2242"]
[BlackElo "2420"]
[EventDate "2004.10.15"]

1. e4 c5 2. c3 d5 3. exd5 Qxd5 4. d4 Nf6 5. Nf3 e6 6. Bd3 Nc6 7. O-O Be7 8.
Be3 O-O 9. Qe2 Rd8 10. Rd1 Qh5 11. Nbd2 cxd4 12. cxd4 Nb4 13. Bb1 Bd7 14.
a3 Bb5 15. Nc4 Rac8 16. b3 Nbd5 17. Qd3 Ng4 18. h3 Ngxe3 19. fxe3 Bf6 20.
Ba2 g6 21. Rac1 Be7 22. b4 Nb6 23. Nfe5 Bf6 24. Qd2 Nxc4 25. Nxc4 Qg5 26.
Qf2 Bg7 27. Rf1 Qe7 28. Rc3 Rc7 29. Rfc1 Rdc8 30. Qc2 Bxc4 31. b5 Bh6 32.
Bxc4 Rxc4 33. Rxc4 Bxe3+ 34. Kh1 Rxc4 35. Qxc4 Bxc1 36. Qxc1 Qd7 37. Qc5 b6
38. Qe5 h5 39. a4 Kf8 40. Qh8+ Ke7 41. Qb8 g5 42. Qg8 f6 43. Qg7+ Kd6 44.
Qxf6 Qe7 45. Qe5+ Kd7 46. Qb8 Qf6 47. Qxa7+ Ke8 48. Qb8+ Kd7 49. Qb7+ Ke8
50. Qc6+ Ke7 51. Qc7+ Kf8 52. a5 Qxd4 53. axb6 1-0

[Event "36th Olympiad w"]
[Site "Calvia ESP"]
[Date "2004.10.25"]
[Round "10"]
[White "Bosboom Lanchava,T"]
[Black "Pourkashiyan,A"]
[Result "1-0"]
[WhiteElo "2352"]
[BlackElo "2217"]
[EventDate "2004.10.15"]

1. d4 d5 2. c4 e6 3. Nc3 Nf6 4. cxd5 exd5 5. Nf3 c6 6. Bf4 Bd6 7. Bg3 O-O
8. e3 Bf5 9. Bd3 Bxd3 10. Qxd3 Re8 11. Ne5 Ne4 12. Nxe4 dxe4 13. Qc3 Na6
14. O-O Re6 15. Qc2 Qe8 16. Qb3 b5 17. f3 c5 18. a4 f6 19. axb5 Nc7 20. Nc6
Bxg3 21. hxg3 exf3 22. Rxf3 Kh8 23. d5 Rd6 24. Rd1 Qe4 25. Rf4 c4 26. Qa3
Qc2 27. Qxd6 Qxd1+ 28. Rf1 Qd3 29. Rxf6 Qxe3+ 30. Kh2 h6 31. Rf8+ Rxf8 32.
Qxf8+ Kh7 33. Qf5+ Kh8 34. d6 Ne6 35. d7 Qg5 36. Qxe6 Qh5+ 37. Qh3 1-0

[Event "36th Olympiad w"]
[Site "Calvia ESP"]
[Date "2004.10.25"]
[Round "10"]
[White "Navabi,S"]
[Black "Schuurman,P"]
[Result "0-1"]
[WhiteElo "2107"]
[BlackElo "2333"]
[EventDate "2004.10.15"]

1. Nf3 c5 2. c4 g6 3. d4 cxd4 4. Qxd4 Nf6 5. Nc3 Bg7 6. Bg5 Nc6 7. Qd2 h6
8. Bh4 d6 9. e3 Bd7 10. Be2 Rc8 11. Rc1 g5 12. Bg3 Nh5 13. Nd4 Nxg3 14.
hxg3 Ne5 15. b3 Qa5 16. Nd5 Qxd2+ 17. Kxd2 e6 18. Nc3 Ke7 19. Rhd1 f5 20.
Ke1 a6 21. a4 h5 22. Nf3 Nf7 23. Kf1 h4 24. gxh4 g4 25. Nd4 Rxh4 26. Ke1
Rh2 27. Bf1 Ng5 28. Rc2 Be5 29. Rb1 Be8 30. Rbb2 Bg6 31. Rc1 f4 32. Ra2
fxe3 33. fxe3 Rh1 34. Kd2 Rf8 35. Be2 Rh2 36. Bf1 Be4 37. Nxe4 Nxe4+ 38.
Kd3 Nc5+ 39. Kc3 Rh1 40. Raa1 Rf2 41. Bd3 Rxc1+ 42. Rxc1 Rxg2 43. Rh1 Rf2
44. Rh6 Rf6 45. Rh7+ Rf7 46. Rxf7+ Kxf7 47. Be2 g3 48. Bf3 a5 49. Kc2 Kf6
50. Bg2 Kg6 51. Ne2 Kf5 52. Nc1 Bf6 53. Nd3 Ne4 54. Bh3+ Kg5 55. Bg2 Nf2
56. Nf4 e5 57. Nh3+ Kg4 58. Nxf2+ gxf2 59. Kd2 Kg3 60. Bf1 Kf3 61. Be2+ Kg2
0-1

[Event "36th Olympiad w"]
[Site "Calvia ESP"]
[Date "2004.10.25"]
[Round "10"]
[White "Muzychuk,A"]
[Black "Fierro Baquero,M"]
[Result "1-0"]
[WhiteElo "2383"]
[BlackElo "2333"]
[EventDate "2004.10.15"]

1. e4 d5 2. Nc3 dxe4 3. Nxe4 Bf5 4. Ng3 Bg6 5. Nf3 Nd7 6. h4 h6 7. h5 Bh7
8. d4 e6 9. Bd3 Bxd3 10. Qxd3 Ngf6 11. Bd2 c5 12. O-O-O Qc7 13. dxc5 Bxc5
14. Ne4 O-O 15. g4 Nxe4 16. Qxe4 Nf6 17. Qe2 Nxg4 18. Bc3 Nxf2 19. Rhg1 f6
20. Qxe6+ Rf7 21. Rd5 Qf4+ 22. Bd2 Qe4 23. Ne5 fxe5 24. Rxe5 Qxe5 25. Qxe5
Nd3+ 26. cxd3 Bxg1 27. Bc3 Bf2 28. Kc2 Bh4 29. Qe6 Rd8 30. a4 Kf8 31. Qe4
Bg5 32. Qh7 Ke7 33. Bxg7 Rc8+ 34. Kb3 Rc6 35. Qe4+ Kd7 36. Qd5+ Ke8 37. Bd4
a6 38. Qe5+ Re7 39. Qf5 Rf7 40. Qe5+ Re7 41. Qh8+ Kf7 42. Qh7+ Ke6 43. Qe4+
Kf7 44. Qd5+ Ke8 45. Bc5 Rf7 46. Qe5+ Be7 47. d4 Kd7 48. Qb8 Bxc5 49. Qxb7+
Rc7 50. Qd5+ Kc8 51. dxc5 Kb8 52. Qd6 Rf5 53. c6 Rxh5 54. Qd8+ Rc8 55. Qb6+
1-0

[Event "36th Olympiad w"]
[Site "Calvia ESP"]
[Date "2004.10.25"]
[Round "10"]
[White "Vasquez Ramirez,R"]
[Black "Srebrnic,A"]
[Result "1/2-1/2"]
[WhiteElo "2257"]
[BlackElo "2245"]
[EventDate "2004.10.15"]

1. d4 Nf6 2. Nc3 d5 3. Nf3 g6 4. g3 Bg7 5. Bg2 O-O 6. O-O c6 7. a4 Nbd7 8.
Ne5 Nxe5 9. dxe5 Ne4 10. Nxe4 dxe4 11. Bxe4 Bh3 12. Qxd8 Rfxd8 13. Re1 Bxe5
14. Ra3 Be6 15. Rd3 Bc4 16. Rxd8+ Rxd8 17. Bd3 Be6 18. Kg2 Bd4 19. c3 Bb6
20. Bc2 Bc4 21. b3 Be6 22. Rd1 Rxd1 23. Bxd1 Bf5 24. Bf4 Kf8 25. Kf3 h5 26.
Be5 Bg4+ 27. Kg2 Bf5 28. f3 Bb1 29. Bd4 Bxd4 30. cxd4 a5 31. Kf2 Ke8 32.
Ke3 Kd7 33. Kd2 Bf5 34. Kc3 Bh3 35. Bc2 g5 36. b4 b6 37. bxa5 bxa5 38. e4
Bg2 39. f4 gxf4 40. gxf4 h4 41. Kc4 Kd6 42. e5+ Kc7 43. Kc5 Bd5 44. Bd1 f6
45. Bc2 Bf3 46. Bb3 Bg4 47. d5 fxe5 48. fxe5 cxd5 49. Bxd5 Bf5 50. Bc6 Bc2
51. Be8 Kd8 52. Bc6 Kc7 53. Bb5 Bb3 54. Be8 Kd8 1/2-1/2

[Event "36th Olympiad w"]
[Site "Calvia ESP"]
[Date "2004.10.25"]
[Round "10"]
[White "Krivec,J"]
[Black "Rojas,Je"]
[Result "1-0"]
[WhiteElo "2214"]
[BlackElo "2082"]
[EventDate "2004.10.15"]

1. e4 c5 2. Nf3 e6 3. d4 cxd4 4. Nxd4 Nf6 5. Nc3 d6 6. Bc4 a6 7. Bb3 Be7 8.
O-O b5 9. Qf3 Ra7 10. Be3 Rb7 11. a3 Qc7 12. Qg3 g6 13. f4 Nc6 14. f5 gxf5
15. exf5 Rg8 16. Qh3 Nxd4 17. Bxd4 e5 18. Be3 Qc6 19. Rad1 Rb8 20. Nd5 Bb7
21. Rd2 Ne4 22. Qxh7 Rf8 23. f6 Nxf6 24. Nxf6+ Bxf6 25. Rxf6 Ke7 26. Rxf7+
Rxf7 27. Qxf7+ Kd8 28. Bg5+ 1-0

[Event "36th Olympiad w"]
[Site "Calvia ESP"]
[Date "2004.10.25"]
[Round "10"]
[White "Mongontuul,B"]
[Black "Sergeeva,M"]
[Result "1-0"]
[WhiteElo "2345"]
[BlackElo "2308"]
[EventDate "2004.10.15"]

1. e4 c5 2. Nf3 d6 3. d4 cxd4 4. Nxd4 Nf6 5. Nc3 a6 6. Be3 e5 7. Nb3 Be6 8.
f3 Be7 9. Qd2 O-O 10. O-O-O Nbd7 11. g4 Qc7 12. Kb1 b5 13. g5 Nh5 14. Nd5
Bxd5 15. exd5 Nb6 16. Na5 Nxd5 17. Qxd5 Qxa5 18. c4 Rfc8 19. cxb5 axb5 20.
Bxb5 Bxg5 21. Bxg5 Rc5 22. Bd2 Rxd5 23. Bxa5 Rxb5 24. Bc7 Nf4 25. Bxd6 f6
26. b3 Kf7 27. Rd2 Ne6 28. Rc1 g5 29. Kb2 h5 30. Rc4 h4 31. Bb4 Kg6 32. a4
Rb7 33. Bc3 Ra6 34. Ka3 Rba7 35. Rd1 Nc7 36. Kb2 Ne6 37. a5 Rb7 38. Kc2 Rb5
39. b4 Kf5 40. Rd7 Nf4 41. Bd2 Nd5 42. Rd8 Ke6 43. Rdc8 Kd6 44. Kd1 Ne7 45.
Rf8 Ke6 46. Ke2 Nc6 47. Bc3 Ne7 48. Rd8 Nd5 49. Bd2 Ne7 50. Rh8 Nc6 51. Bc3
Ne7 52. Kf2 Nc6 53. Rh6 Ne7 54. Bd2 Nf5 55. Rh7 Ne7 56. Rc7 Nc6 57. Rb7
Rxb7 58. Rxb7 Ra8 59. Rb6 Kd5 60. a6 f5 61. b5 Nd4 62. Rb7 Kc4 63. Be3 Nxb5
64. a7 Nd4 65. Bxg5 Nc6 66. Be3 Nd4 67. f4 exf4 68. Bxd4 Kxd4 69. Kf3 Ke5
70. Rb5+ Kf6 71. Ra5 Ke6 72. Kxf4 Kd6 73. Kxf5 Kc6 74. Kg4 Kb7 75. Kxh4
Rh8+ 76. Kg4 Rg8+ 77. Rg5 Rc8 78. Rg7+ Ka8 79. h4 Rc1 80. Kg5 Rc4 81. Kh6
Rc8 82. Kh5 Rc4 83. Rg4 Rc8 84. Ra4 Rg8 85. Kh6 Rh8+ 86. Kg7 Rh5 87. Kg6
Rb5 88. h5 Rb6+ 89. Kg7 Rb7+ 90. Kg8 Rb6 91. Ra5 Rc6 92. Kg7 Rc7+ 93. Kg6
Rc6+ 94. Kg5 Rc1 95. h6 Rc7 96. Ra6 Rd7 97. Kg6 Rc7 98. h7 Rc8 99. Rf6 Rd8
100. Kg7 Rd7+ 101. Kg8 1-0

[Event "36th Olympiad w"]
[Site "Calvia ESP"]
[Date "2004.10.25"]
[Round "10"]
[White "Khasanova,F"]
[Black "Anhchimeg,B"]
[Result "1/2-1/2"]
[WhiteElo "2314"]
[BlackElo "2235"]
[EventDate "2004.10.15"]

1. e4 c5 2. c3 d5 3. exd5 Qxd5 4. d4 Nf6 5. Nf3 Bg4 6. Be2 e6 7. h3 Bh5 8.
O-O Nc6 9. Be3 cxd4 10. cxd4 Be7 11. Nc3 Qd6 12. a3 O-O 13. Qb3 Rfd8 14.
Rfd1 Nd5 15. Rd2 Nf4 16. Bd1 a6 17. Rc1 Rab8 18. Qa2 Bg6 19. Na4 Nd5 20.
Nc5 h6 21. b4 Qc7 22. Ba4 Bxc5 23. Rxc5 Be4 24. Ne5 Nxe3 25. fxe3 b5 26.
Bc2 Bd5 27. Bb3 Qd6 28. Bxd5 Nxe5 29. dxe5 Qxe5 30. Bf3 Qxe3+ 31. Rf2 Rd3
32. Qe2 Qd4 33. Qe5 Qxe5 34. Rxe5 Rxa3 35. Rc5 Rb3 36. Rc7 Rxb4 37. Bb7 Rf8
38. Bxa6 Rb1+ 39. Rf1 Rb2 40. Rb7 b4 41. Rf3 Ra8 42. Bc4 Rc8 43. Rb3 Rxb3
44. Bxb3 g6 45. Rxb4 Kg7 46. Kf2 Rc7 47. Kf3 Kf6 48. Kf4 Rc3 49. Bd1 g5+
50. Ke4 Rc7 51. Bh5 Ra7 52. Rb2 Ke7 53. Rb5 Ra4+ 54. Kd3 Ra7 55. Rb8 Kf6
56. Kd4 Rd7+ 57. Kc5 Rd2 58. Rb7 Rxg2 59. Rxf7+ Ke5 60. Rh7 Rc2+ 61. Kb5
Rb2+ 62. Kc4 Rc2+ 63. Kd3 Ra2 64. Bg4 Ra3+ 65. Ke2 Ra2+ 66. Kf3 Ra3+ 67.
Kf2 Kf4 68. Rxh6 Ra2+ 69. Be2 e5 70. Rf6+ Ke4 71. Rf3 Rb2 72. Rg3 Kf4 73.
Rg4+ Kf5 74. Ke3 e4 75. Bc4 Rh2 76. Bf1 Ra2 77. Rxe4 Ra5 78. Bd3 Re5 79.
Kf3 Rxe4 80. Bxe4+ Ke5 81. Kg4 Kf6 82. Kh5 Kg7 83. Bb1 Kg8 84. Ba2+ Kg7 85.
Bb3 Kh7 86. Bc4 Kg7 87. Be6 Kh7 1/2-1/2

[Event "36th Olympiad w"]
[Site "Calvia ESP"]
[Date "2004.10.25"]
[Round "10"]
[White "Batceceg,T"]
[Black "Ankudinova,E"]
[Result "1-0"]
[WhiteElo "2209"]
[BlackElo "2243"]
[EventDate "2004.10.15"]

1. d4 d5 2. Nf3 Nf6 3. c4 c6 4. Qc2 e6 5. g3 Nbd7 6. Bg2 Bd6 7. O-O O-O 8.
Nbd2 Re8 9. Rd1 b6 10. e4 dxe4 11. Nxe4 Nxe4 12. Qxe4 Bb7 13. Qc2 Qe7 14.
Re1 Rac8 15. a3 Qf8 16. b4 e5 17. c5 Bb8 18. Bb2 exd4 19. Bxd4 Rxe1+ 20.
Rxe1 Re8 21. Rd1 bxc5 22. bxc5 h6 23. Nh4 Ne5 24. f4 Ng4 25. Qc3 h5 26. Nf5
g6 27. Bg7 Re1+ 28. Rxe1 Qd8 29. h3 1-0